<The> Penguin Dictionary of Politics

Uložené v:
Podrobná bibliografia
Hlavný autor: Robertson, David
Médium: Kniha
Jazyk:English
Vydavateľské údaje: London Penguin Books 1985
Vydanie:1. ed.
Tagy: Pridať tag
Žiadne tagy, Buďte prvý, kto otaguje tento záznam!

MARC

LEADER 00000nam a2200000 4500
001 c024368
005 20221220082109.5
041 0 |a eng 
044 |a GB 
245 1 0 |a <The> Penguin Dictionary of Politics  |c David Robertson 
250 |a 1. ed. 
264 1 |a London  |b Penguin Books  |c 1985 
300 |a 341 s. 
100 1 |a Robertson, David